Human resources in agricultural and rural development Recursos humanos en el desarrollo agrícola y rural,Ressources humaines pour le développement agricole et rural

Guardado en:
Detalles Bibliográficos
Autor principal: FAO
Formato: Libro
Lenguaje:Undetermined
Publicado: Rome FAO 2000
Materias:
Etiquetas: Agregar Etiqueta
Sin Etiquetas, Sea el primero en etiquetar este registro!
Thư viện lưu trữ: Trung tâm Học liệu Trường Đại học Cần Thơ
LEADER 00618nam a2200193Ia 4500
001 CTU_42709
008 210402s9999 xx 000 0 und d
082 |a 658.30072 
082 |b H918 
100 |a FAO 
245 0 |a Human resources in agricultural and rural development 
245 0 |b Recursos humanos en el desarrollo agrícola y rural,Ressources humaines pour le développement agricole et rural 
245 0 |c FAO 
260 |a Rome 
260 |b FAO 
260 |c 2000 
650 |a human management 
904 |i Nguyễn Quang Điền, 010704 
980 |a Trung tâm Học liệu Trường Đại học Cần Thơ